LDR 00893naa#a2200181#i#450# 001 RU\\bibl\120990 005 20260429193017.3 011 ## _a2782-5256 100 ## _a20251225b2025####ek#y0rusy0150####ca 102 ## _aRU 200 1# _aПравила фотосъемки цифровых носителей информации при производстве судебной экспертизы и иных следственных действий _eЖурнальная статья 210 1# _aМосква _cМосковский университет МВД России имени В.Я. Кикотя _d2025 215 ## _a9 с. 608 ## _aЖурнальная статья _2local 675 ## _aПраво. Юридические науки. 34 _z 700 #1 _aПорхунов _gАлексей Дмитриевич 700 #1 _aТитов _gМаксим Витальевич 856 4# _amosumvd.editorum.ru _u